000 00512nam a2200145Ia 4500
008 230917s9999||||xx |||||||||||||| ||und||
040 _e215223
_aMAIN
041 _aEnglish
082 _a631.4 J136S
100 _aJackson, M L
245 0 _aSoil chemical analysis: Advanced course:A manual of methods useful for instruction and research in soil chemistry, physical chemistry of soils, soil fertility, and soil genesis
260 _aNew Delhi
_bUnited Book Prints
_c2014
300 _axxi, 930 p.
942 _cBK
999 _c177527
_d177527